|
|
|
|
| LEADER |
03529nam a2200517 4500 |
| 001 |
978-981-13-8614-5 |
| 003 |
DE-He213 |
| 005 |
20191024131424.0 |
| 007 |
cr nn 008mamaa |
| 008 |
190720s2019 si | s |||| 0|eng d |
| 020 |
|
|
|a 9789811386145
|9 978-981-13-8614-5
|
| 024 |
7 |
|
|a 10.1007/978-981-13-8614-5
|2 doi
|
| 040 |
|
|
|d GrThAP
|
| 050 |
|
4 |
|a QA76.76.A65
|
| 072 |
|
7 |
|a UNH
|2 bicssc
|
| 072 |
|
7 |
|a COM032000
|2 bisacsh
|
| 072 |
|
7 |
|a UNH
|2 thema
|
| 072 |
|
7 |
|a UDBD
|2 thema
|
| 082 |
0 |
4 |
|a 005.7
|2 23
|
| 245 |
1 |
0 |
|a Smart Network Inspired Paradigm and Approaches in IoT Applications
|h [electronic resource] /
|c edited by Mohamed Elhoseny, Amit Kumar Singh.
|
| 250 |
|
|
|a 1st ed. 2019.
|
| 264 |
|
1 |
|a Singapore :
|b Springer Singapore :
|b Imprint: Springer,
|c 2019.
|
| 300 |
|
|
|a IX, 253 p. 110 illus., 95 illus. in color.
|b online resource.
|
| 336 |
|
|
|a text
|b txt
|2 rdacontent
|
| 337 |
|
|
|a computer
|b c
|2 rdamedia
|
| 338 |
|
|
|a online resource
|b cr
|2 rdacarrier
|
| 347 |
|
|
|a text file
|b PDF
|2 rda
|
| 505 |
0 |
|
|a A Reactive Hybrid Metaheuristic Energy Efficient Algorithm For Wireless Sensor Networks -- Maintaining Consistent Firewalls and Flows (Cff) in Software Defined Networks -- Energy-efficient Broadcasting of Route-request Packets (E2BR2) in Ad Hoc Networks -- Decision Support System for Smart Grid using Demand Forecasting Models -- Internet of Things -- The Concept, Inherent Security Challenges and Recommended Solutions -- Critical challenges in access management schemes for Smartphones: An Appraisal -- Using fuzzy neural networks regularized to supportsoftware for predicting autism in adolescents on mobile devices -- Performance Evaluation of Supervised Machine Learning Classifiers for Analyzing Agricultural Big Data.
|
| 520 |
|
|
|a This book gathers high-quality research articles and reviews that reflect the latest advances in the smart network-inspired paradigm and address current issues in IoT applications as well as other emerging areas. Featuring work from both academic and industry researchers, the book provides a concise overview of the current state of the art and highlights some of the most promising and exciting new ideas and techniques. Accordingly, it offers a valuable resource for senior undergraduate and graduate students, researchers, policymakers, and IT professionals and providers working in areas that call for state-of-the-art networks and IoT applications.
|
| 650 |
|
0 |
|a Application software.
|
| 650 |
|
0 |
|a Big data.
|
| 650 |
|
0 |
|a Mobile computing.
|
| 650 |
1 |
4 |
|a Information Systems Applications (incl. Internet).
|0 http://scigraph.springernature.com/things/product-market-codes/I18040
|
| 650 |
2 |
4 |
|a Computer Appl. in Administrative Data Processing.
|0 http://scigraph.springernature.com/things/product-market-codes/I2301X
|
| 650 |
2 |
4 |
|a Big Data.
|0 http://scigraph.springernature.com/things/product-market-codes/I29120
|
| 650 |
2 |
4 |
|a Mobile Computing.
|0 http://scigraph.springernature.com/things/product-market-codes/I29060
|
| 700 |
1 |
|
|a Elhoseny, Mohamed.
|e editor.
|4 edt
|4 http://id.loc.gov/vocabulary/relators/edt
|
| 700 |
1 |
|
|a Singh, Amit Kumar.
|e editor.
|4 edt
|4 http://id.loc.gov/vocabulary/relators/edt
|
| 710 |
2 |
|
|a SpringerLink (Online service)
|
| 773 |
0 |
|
|t Springer eBooks
|
| 776 |
0 |
8 |
|i Printed edition:
|z 9789811386138
|
| 776 |
0 |
8 |
|i Printed edition:
|z 9789811386152
|
| 776 |
0 |
8 |
|i Printed edition:
|z 9789811386169
|
| 856 |
4 |
0 |
|u https://doi.org/10.1007/978-981-13-8614-5
|z Full Text via HEAL-Link
|
| 912 |
|
|
|a ZDB-2-SCS
|
| 950 |
|
|
|a Computer Science (Springer-11645)
|